Statistiken für Länder, die den Färöern am nächsten liegen

Klicken Sie hier um das Quiz zu spielen!

Allgemein

  • Dieses Quiz wurde 162 mal gespielt
  • Das Durchschnittsergebnis liegt bei 19 aus 20

Antwortstatistiken

kmLand% Korrekt
987Dänemark
100%
579Norwegen
100%
284Vereinigtes
Königreich
100%
1126Deutschland
99%
670Irland
99%
931Schweden
99%
1137Niederlande
98%
1385Finnland
97%
1486Polen
97%
1277Belgien
96%
1272Frankreich
96%
434Island
96%
1473Luxemburg
95%
1588Estland
94%
1631Lettland
94%
1690Litauen
93%
1705Russland
93%
1691Tschechien
81%
1774Schweiz
79%
1088Grönland
57%

Verteilung der Resultate

Perzentil nach korrekt beantworteten Fragen

Anzahl Personen mit jedem Resultat

Ihre Resultats-Entwicklung

Sie haben dieses Quiz noch nicht gespielt